| 000 | 004520000a22001690004500 | ||
|---|---|---|---|
| 003 | MACL | ||
| 005 | 20160101133039.0 | ||
| 008 | 160101b xxu||||| |||| 00| 0 eng d | ||
| 040 |
_aMACL _cMACL |
||
| 041 | _aEnglish | ||
| 082 | _a410/VAR | ||
| 100 |
_aVerma, Siddheshwar _926333 |
||
| 245 | _aThe Etymologies of Yaska | ||
| 260 |
_bVishwshvaranand Institute Publications _c1953 _aHoshiarpur |
||
| 650 |
_aLinguistcs _926334 |
||
| 942 |
_cBK _k410/Var _2ddc |
||
| 999 |
_c34818 _d34818 |
||